<?xml version="1.0" encoding="UTF-8"?>
<record
    xmlns:xsi="http://www.w3.org/2001/XMLSchema-instance"
    xsi:schemaLocation="http://www.loc.gov/MARC21/slim http://www.loc.gov/standards/marcxml/schema/MARC21slim.xsd"
    xmlns="http://www.loc.gov/MARC21/slim">

  <leader>04427cam a22004934i 4500</leader>
  <controlfield tag="003">PE-LiUPU</controlfield>
  <controlfield tag="005">20250731173322.0</controlfield>
  <controlfield tag="008">150625s2001    xxu     rb    000 0 spa d</controlfield>
  <datafield tag="020" ind1=" " ind2=" ">
    <subfield code="a">0789909715</subfield>
  </datafield>
  <datafield tag="020" ind1=" " ind2=" ">
    <subfield code="a">9780789909718</subfield>
  </datafield>
  <datafield tag="035" ind1=" " ind2=" ">
    <subfield code="a">(Sirsi) i9780789909718</subfield>
  </datafield>
  <datafield tag="040" ind1=" " ind2=" ">
    <subfield code="a">PE-LiUPU</subfield>
    <subfield code="b">spa</subfield>
    <subfield code="c">PE-LiUPU</subfield>
    <subfield code="e">rda</subfield>
  </datafield>
  <datafield tag="049" ind1=" " ind2=" ">
    <subfield code="a">PRUA</subfield>
  </datafield>
  <datafield tag="082" ind1="0" ind2="4">
    <subfield code="a">222.11</subfield>
    <subfield code="b">E23</subfield>
    <subfield code="2">21</subfield>
  </datafield>
  <datafield tag="100" ind1="1" ind2=" ">
    <subfield code="a">Edersheim, Alfred,</subfield>
    <subfield code="e">autor.</subfield>
  </datafield>
  <datafield tag="245" ind1="1" ind2="0">
    <subfield code="a">Exploremos G&#xE9;nesis :</subfield>
    <subfield code="b">contiene un estudio programado por la Facultad Latinoamericana de Estudios Teol&#xF3;gicos /</subfield>
    <subfield code="c">Alfred Edersheim y Richard Ramsay.</subfield>
  </datafield>
  <datafield tag="264" ind1=" " ind2="1">
    <subfield code="a">Miami :</subfield>
    <subfield code="b">FLET, UNILIT,</subfield>
    <subfield code="c">2001.</subfield>
  </datafield>
  <datafield tag="300" ind1=" " ind2=" ">
    <subfield code="a">506 p&#xE1;ginas ;</subfield>
    <subfield code="c">21 cent&#xED;metros</subfield>
  </datafield>
  <datafield tag="336" ind1=" " ind2=" ">
    <subfield code="a">text</subfield>
    <subfield code="2">rdacontent</subfield>
  </datafield>
  <datafield tag="337" ind1=" " ind2=" ">
    <subfield code="a">unmediated</subfield>
    <subfield code="2">rdamedia</subfield>
  </datafield>
  <datafield tag="338" ind1=" " ind2=" ">
    <subfield code="a">volume</subfield>
    <subfield code="2">rdacarrier</subfield>
  </datafield>
  <datafield tag="500" ind1=" " ind2=" ">
    <subfield code="a">Comprende el comentario hist&#xF3;rico de Edersheim y un estudio inductivo por Ramsay.</subfield>
  </datafield>
  <datafield tag="504" ind1=" " ind2=" ">
    <subfield code="a">Notas bibliogr&#xE1;ficas al pie de algunas p&#xE1;ginas.</subfield>
  </datafield>
  <datafield tag="505" ind1="0" ind2=" ">
    <subfield code="a">La creaci&#xF3;n.  El hombre en el jard&#xED;n de Ed&#xE9;n.  La ca&#xED;da -- Ca&#xED;n y Abel.  Los dos caminos y las dos razas -- Set y sus descendientes.  La raza de Ca&#xED;n -- Genealog&#xED;a de la raza creyente, por medio de Set -- La corrupci&#xF3;n universal del hombre.  Preparaci&#xF3;n para el diluvio -- El diluvio -- Despu&#xE9;s del diluvio -- El sacrificio de No&#xE9;.  El pecado de No&#xE9;.  Los descendientes de No&#xE9; -- Genealog&#xED;a de las naciones.  Babel.  La confusi&#xF3;n de lenguas -- Las naciones y su religi&#xF3;n.  Job -- La cronolog&#xED;a de la historia b&#xED;blica temprana.  Comienzo de la historia de los tratos de Dios con Abraham y su simiente -- El llamamiento de Abram.  Su llegada a Cana&#xE1;n, y traslado temporal a Egipto -- Separaci&#xF3;n de Abram y Lot.  Abram en Hebr&#xF3;n.  Sodoma saqueada.  Rescate de Lot.  Encuentro con Melquisidec -- La doble promesa de Abraham de una descendencia.  Ismael.  Jehov&#xE1; visita a Abraham.  La destrucci&#xF3;n de Sodoma.  La estancia de Abraham en Gerar.  Su pacto con Abimelec -- Nacimiento de Isaac.  Expulsi&#xF3;n de Ismael.  La fe de Abraham puesta a prueba con la orden de sacrificar a Isaac.  Muerte de Sara.  Muerte de Abraham -- Casamiento de Isaac.  Nacimiento de Esa&#xFA; y Jacob.  Esa&#xFA; vende su primogenitura.  Isaac en Gerar.  Casamiento de Esa&#xFA; -- Jacob obtiene la bendici&#xF3;n de Isaac por enga&#xF1;o.  El dolor de Esa&#xFA; -- Consecuencias negativas sufridas por todos los miembros de su familia por sus errores.  Jacob enviado a Lab&#xE1;n.  Isaac renueva y da enteramente a Jacob la bendici&#xF3;n de Abraham -- La visi&#xF3;n de Jacob en Betel.  Su llegada a la casa de Lab&#xE1;n.  El casamiento doble de Jacob y su servidumbre.  Jacob huye de Har&#xE1;n.  Persecuci&#xF3;n de Lab&#xE1;n, y reconciliaci&#xF3;n con Jacob -- Jacob en Mahanaim.  La noche de la lucha.  Reconciliaci&#xF3;n entre Jacob y Esa&#xFA;.  Jacob se establece en Siquem.  Jacob sigue hasta Betel para pagar su voto -- Muerte de Raquel.  Jacob se establece en Hebr&#xF3;n -- Primera etapa de la vida de Jos&#xE9;.  Jos&#xE9; es vendido como esclavo por sus hermanos.  Jos&#xE9; en la casa de Potifar.  Jos&#xE9; en la c&#xE1;rcel -- Jos&#xE9; en la c&#xE1;rcel.  El sue&#xF1;o de los dos oficiales de Fara&#xF3;n.  El sue&#xF1;o de Fara&#xF3;n.  Exaltaci&#xF3;n de Jos&#xE9;.  Su gobierno de Egipto -- Los hijos de Jacob llegan a Egipto para comprar grano.  Jos&#xE9; reconoce a sus hemanos.  Sime&#xF3;n prisionero.  Los hijos de Jacob vuelven por segunda vez y traen a Benjamin.  Jos&#xE9; pone a sus hermanos a prueba.  Jos&#xE9; se da a conocer a sus hermanos.  Jacob y su familia se preparan para descender a Egipto -- Jacob y su familia van a Egipto.  Entrevista de Jacob con Fara&#xF3;n.  Su &#xFA;ltima enfermedad y orden de ser sepultado en Cana&#xE1;n.  Efra&#xED;n y Manas&#xE9;s admitidos entre los hijos de Israel -- La &#xFA;ltima bendici&#xF3;n de Jacob.  Muerte de Jacob.  Muerte de Jos&#xE9;.</subfield>
  </datafield>
  <datafield tag="526" ind1=" " ind2=" ">
    <subfield code="a">SEG42</subfield>
  </datafield>
  <datafield tag="526" ind1=" " ind2=" ">
    <subfield code="a">SEG41</subfield>
  </datafield>
  <datafield tag="526" ind1=" " ind2=" ">
    <subfield code="a">SEG40</subfield>
  </datafield>
  <datafield tag="526" ind1=" " ind2=" ">
    <subfield code="a">SEG39</subfield>
  </datafield>
  <datafield tag="526" ind1=" " ind2=" ">
    <subfield code="a">P94</subfield>
  </datafield>
  <datafield tag="526" ind1=" " ind2=" ">
    <subfield code="a">P87</subfield>
  </datafield>
  <datafield tag="526" ind1=" " ind2=" ">
    <subfield code="a">P86</subfield>
  </datafield>
  <datafield tag="526" ind1=" " ind2=" ">
    <subfield code="a">P85</subfield>
  </datafield>
  <datafield tag="526" ind1=" " ind2=" ">
    <subfield code="a">P77</subfield>
  </datafield>
  <datafield tag="526" ind1=" " ind2=" ">
    <subfield code="a">P76</subfield>
  </datafield>
  <datafield tag="526" ind1=" " ind2=" ">
    <subfield code="a">P35</subfield>
  </datafield>
  <datafield tag="541" ind1=" " ind2=" ">
    <subfield code="g">003-0003441;</subfield>
  </datafield>
  <datafield tag="630" ind1=" " ind2=" ">
    <subfield code="a">Biblia.</subfield>
    <subfield code="p">A.T.</subfield>
    <subfield code="x">Comentarios.</subfield>
  </datafield>
  <datafield tag="700" ind1="1" ind2=" ">
    <subfield code="a">Ramsay, Richard,</subfield>
    <subfield code="e">autor.</subfield>
  </datafield>
  <datafield tag="910" ind1=" " ind2=" ">
    <subfield code="a">dbm</subfield>
    <subfield code="b">jpc</subfield>
    <subfield code="c">jpc</subfield>
    <subfield code="d">20190430</subfield>
  </datafield>
  <datafield tag="942" ind1=" " ind2=" ">
    <subfield code="2">ddc</subfield>
    <subfield code="c">BOOK</subfield>
  </datafield>
  <datafield tag="994" ind1=" " ind2=" ">
    <subfield code="a">C0</subfield>
    <subfield code="b">PEPRU</subfield>
  </datafield>
  <datafield tag="596" ind1=" " ind2=" ">
    <subfield code="a">1</subfield>
  </datafield>
  <datafield tag="999" ind1=" " ind2=" ">
    <subfield code="a">222.11 E23</subfield>
    <subfield code="w">DEWEY</subfield>
    <subfield code="c">46664</subfield>
    <subfield code="i">57649</subfield>
    <subfield code="d">46664</subfield>
    <subfield code="e">2022-6-10</subfield>
    <subfield code="f">2021-11-9</subfield>
    <subfield code="g">6</subfield>
    <subfield code="l">CCODEBUL1</subfield>
    <subfield code="m">BUL</subfield>
    <subfield code="n">5</subfield>
    <subfield code="p">13.00</subfield>
    <subfield code="q">3</subfield>
    <subfield code="r">0</subfield>
    <subfield code="s">Y</subfield>
    <subfield code="t">BOOK</subfield>
    <subfield code="u">2015-6-25</subfield>
    <subfield code="x">TEOLOGIA</subfield>
    <subfield code="P">P35</subfield>
    <subfield code="0">COMPRA</subfield>
    <subfield code="o">.STAFF. Colecci&#xF3;n Teolog&#xED;a</subfield>
  </datafield>
  <datafield tag="980" ind1=" " ind2=" ">
    <subfield code="8">1</subfield>
    <subfield code="g">ALBERTO SANCHEZ Responsable de Automatizaci&#xF3;n</subfield>
  </datafield>
  <datafield tag="952" ind1=" " ind2=" ">
    <subfield code="r">2025-12-02 00:00:00</subfield>
    <subfield code="i">7</subfield>
    <subfield code="l">11</subfield>
    <subfield code="o">222.11 E23</subfield>
    <subfield code="p">57649</subfield>
    <subfield code="s">2025-05-27</subfield>
    <subfield code="t">e1</subfield>
    <subfield code="v">18.00</subfield>
    <subfield code="w">2015-06-25</subfield>
    <subfield code="x">FT</subfield>
    <subfield code="y">BK</subfield>
    <subfield code="z">inventario-2023-12-13</subfield>
    <subfield code="1">0</subfield>
    <subfield code="2">ddc</subfield>
    <subfield code="5">0</subfield>
    <subfield code="7">0</subfield>
    <subfield code="8">GEN</subfield>
    <subfield code="f">P35</subfield>
    <subfield code="a">BUL</subfield>
    <subfield code="b">BUL</subfield>
    <subfield code="c">GEN</subfield>
    <subfield code="d">2015-06-25</subfield>
    <subfield code="e">COMPRA</subfield>
    <subfield code="g">13.00</subfield>
  </datafield>
</record>
